Nevedkove dobrodružstvá

Nevedko s kamarátmi zažije rôzne neuveriteľné dobrodružstva: postavia vzdušný balón, vozia sa na sódovkovom aute, oberajú ovocie, ktoré je v porovnaní s nimi neúmerne veľké. Naši hrdinovia si však poradia so všetkým. Sú veľmi talentovaní: jeden hrá na rôzne hudobné nástroje, druhý maľuje, ďalší píše...

Full description

Bibliographic Details
Main Author: Nosov, Nikolaj Nikolajevič, 1908-1976 (Author)
Other Authors: Vojtek, Ivan (Narrator)
Format: CD Audio
Language:Slovak
Russian
PhysicalDescription:1 elektronický optický disk (CD-ROM) digitálny, mono, MP3 12 cm
Published: Levoča Slovenská knižnica pre nevidiacich Mateja Hrebendu 2021
ISBN:9788018099445
Subjects:

MARC

LEADER 00000nim a2200000 a 4500
001 vtls012054702
003 SK-MaSNL
005 20260301121854.0
007 sd fsngnnmmnud
008 210519s2021 xo nnnnfs f n slo
015 |a SNBJ2023 
020 |a 9788018099445  |q (zvuková kniha) 
040 |a SNK  |b slo  |c SNK  |e AACR2 
041 1 |a slo  |h rus 
044 |a xo  |c SK 
072 7 |a 821.161.1  |x Ruská literatúra  |2 konspekt 
072 7 |a 821-93  |x Literatúra pre deti a mládež (beletria)  |2 konspekt 
080 |a 821.161.1-32  |2 2011 
080 |a 821-93  |2 2011 
080 |a (0:82-32)  |2 2011 
080 |a (0:003.24)  |2 2001 
080 |a (086.76.053.2)  |2 2001 
100 1 |a Nosov, Nikolaj Nikolajevič,  |d 1908-1976  |4 aut  |9 190457 
245 1 0 |a Nevedkove dobrodružstvá  |h elektronický zdroj  |c Nikolaj Nosov ; číta: Ivan Vojtek 
260 |a Levoča  |b Slovenská knižnica pre nevidiacich Mateja Hrebendu  |c 2021 
300 |a 1 elektronický optický disk (CD-ROM)  |b digitálny, mono, MP3  |c 12 cm 
306 |a 045400 
520 8 |a Nevedko s kamarátmi zažije rôzne neuveriteľné dobrodružstva: postavia vzdušný balón, vozia sa na sódovkovom aute, oberajú ovocie, ktoré je v porovnaní s nimi neúmerne veľké. Naši hrdinovia si však poradia so všetkým. Sú veľmi talentovaní: jeden hrá na rôzne hudobné nástroje, druhý maľuje, ďalší píše verše, iný je majstrom-mechanikom. A všetečný Nevedko by sa rád všetkému priučil. Spolu s ním sa podučia aj tí najmenší čitatelia. 
521 |a pre nevidiacich, slabozrakých a inak zdravotne postihnutých 
655 7 |a zvukové záznamy pre deti a mládež  |2 SNKPH  |9 70694 
655 7 |a ruské príbehy  |2 SNKPH  |9 75709 
655 7 |a ruské rozprávky  |2 SNKPH  |9 70673 
655 7 |a CD-ROM  |2 SNKPH  |9 70236 
700 1 |a Vojtek, Ivan  |4 nrt  |9 284189 
752 |a Slovensko  |d Levoča 
787 0 8 |i Podľa knihy:  |t Nevedkove dobrodružstvá  |d Bratislava : Mladé letá, 1959 
919 |a 978-80-18-09944-5 
999 |c 730892  |d 732822 
952 |a SNK  |b SNK  |y PREZ  |7 0  |p 17A1526568  |o snkSCD 6172  |i snk2023/4484  |8 0  |0 0  |1 0  |4 0  |d 2023-03-15  |l 0  |r 2026-02-23 22:28:20  |w 2026-02-23